Statistics for Guess Every Mario Kart Track

Click here to take the quiz!

General Stats

  • This quiz has been taken 21 times
  • The average score is 31 of 90

Answer Stats

First AppearanceTrack% Correct
Super Mario KartMario Circuit
80%
Mario Kart WiiCoconut Mall
53%
Mario Kart WiiMaple Treeway
53%
Super Mario KartRainbow Road
53%
Mario Kart WiiDaisy Circuit
47%
Mario Kart: Double Dash!!Baby Park
40%
Mario Kart 8Bone-Dry Dunes
40%
Super Mario KartBowser Castle
40%
Mario Kart 64D.K Jungle Parkway
40%
Mario Kart WiiD.K Summit
40%
Mario Kart 8Dolphin Shoals
40%
Mario Kart WiiKoopa Cape
40%
Mario Kart DSLuigi's Mansion
40%
Mario Kart WiiMoonview Highway
40%
Mario Kart 8Mount Wario
40%
Mario Kart WiiMushroom Gorge
40%
Mario Kart: Double Dash!!Peach Beach
40%
Mario Kart: Super CircuitPeach Circuit
40%
Mario Kart 8Shy Guy Falls
40%
Mario Kart 8Sunshine Airport
40%
Mario Kart DSTick-Tock Clock
40%
Mario Kart 7Toad Circuit
40%
Mario Kart WiiToad's Factory
40%
Mario Kart: Double Dash!!Waluigi Stadium
40%
Mario Kart 64Wario Stadium
40%
Mario Kart 64Yoshi Valley
40%
Mario Kart: Super CircuitBoo Lake
33%
Mario Kart: Super CircuitBroken Pier
33%
Mario Kart DSCheep Cheep Beach
33%
Mario Kart: Super CircuitCheep-Cheep Island
33%
Mario Kart: Super CircuitCheese Land
33%
Mario Kart 8Cloudtop Cruise
33%
Mario Kart 7Daisy Hill
33%
Mario Kart DSDelphino Square
33%
Mario Kart DSDesert Hills
33%
Mario Kart: Double Dash!!Dino Dino Jungle
33%
Mario Kart: Double Dash!!D.K Mountain
33%
Mario Kart DSDK Pass
33%
Super Mario KartDonut Plains
33%
Mario Kart: Double Dash!!Dry Dry Desert
33%
Mario Kart WiiDry Dry Ruins
33%
Mario Kart 8Electrodome
33%
Mario Kart DSFigure-8 Circuit
33%
Super Mario KartGhost Valley
33%
Mario Kart WiiGrumble Volcano
33%
Super Mario KartKoopa Beach
33%
Mario Kart: Super CircuitLakeside Park
33%
Mario Kart 64Luigi Raceway
33%
Mario Kart 64Moo Moo Farm
33%
Mario Kart: Double Dash!!Mushroom Bridge
33%
Mario Kart: Double Dash!!Mushroom City
33%
Mario Kart 7Music Park
33%
Mario Kart DSPeach Gardens
33%
Mario Kart 7Piranha Plant Slide
33%
Mario Kart: Super CircuitRibbon Road
33%
Mario Kart 7Rock Rock Mountain
33%
Mario Kart 64Royal Raceway
33%
Mario Kart 64Sherbet Land
33%
Mario Kart 7Shy Guy Bazaar
33%
Mario Kart: Super CircuitShy Guy Beach
33%
Mario Kart 8Toad's Harbor
33%
Mario Kart 8Twisted Mansion
33%
Mario Kart: Double Dash!!Wario Colosseum
33%
Mario Kart WiiWario's Goldmine
33%
Mario Kart 8Water Park
33%
Mario Kart 7Wuhu Loop
33%
Mario Kart: Double Dash!!Yoshi Circuit
33%
Mario Kart DSYoshi Falls
33%
Mario Kart DSAirship Fortress
27%
Mario Kart 7Cheep Cheep Lagoon
27%
Super Mario KartChoco Island
27%
Mario Kart 64Frappe Snowland
27%
Mario Kart 64Kalimari Desert
27%
Mario Kart 7Maka Wuhu
27%
Mario Kart 8Mario Kart Stadium
27%
Mario Kart: Super CircuitRiverside Park
27%
Mario Kart 7Rosalina's Ice World
27%
Mario Kart DSShroom Ridge
27%
Mario Kart: Super CircuitSky Garden
27%
Mario Kart: Super CircuitSnow Land
27%
Mario Kart: Super CircuitSunset Wilds
27%
Mario Kart 8Sweet Sweet Canyon
27%
Mario Kart 8Thwomp Ruins
27%
Mario Kart 64Toad's Turnpike
27%
Super Mario KartVanilla Lake
27%
Mario Kart DSWaluigi Pinball
27%
Mario Kart 7Wario Shipyard
27%
Mario Kart: Super CircuitYoshi Desert
27%
Mario Kart 7Neo Bowser City
20%
Mario Kart: Double Dash!!Daisy Crusier
0%

Score Distribution

Percentile by Number Answered

Percent of People with Each Score

Your Score History

You have not taken this quiz